00597 a2200181 4500003000400000005001700004008004100021020001800062040000900080082002000089100002200109245002700131260003300158300001500191942004600206952014600252999001700398OSt20231028145103.0231028b |||||||| |||| 00| 0 eng d a9789356435643 coclc a894.8123bMUK/N aMukundan, M96509 a NINGAL /cM Mukundan aKottayam:bD C Books,c2023. a296pc21cm 2ddccBKh894.8123iMUK/Nk894.8123mMUK/N 00102ddc40708FICaMESbMEScMALd2023-10-28l7m1o894.8123 MUK/Np43002r2025-08-16 12:42:19s2025-07-10v399.00w2023-10-28yBKzGR27R1 c42892d42892